Постановление ГКО СССР № 966 сс о формировании стрелковых дивизий и стрелковых бригад Красной армии

RUSMARC
00003467cbm0a2200253#x 450
001558fc1ff-bac6-418e-8868-6f766eccabbf
00520220606143349.0
100##$a20220602j19411126k###0rusy50 ca
1010#$arus
102##$aRU
105##$ay###z########
1220#$ad19411126##
2001#$aПостановление ГКО СССР № 966 сс о формировании стрелковых дивизий и стрелковых бригад Красной армии
$j26 ноября 1941 г.
251##$cДокумент
300##$aРассылочный и подлинный экземпляры
461#0$12001
$aФ. 644
$1251
$cФонд
$1852
$j644
462#0$12001
$aОп. 1
$1251
$cОпись
$1852
$j1
605##$2prlib_sh
$3LIBNET\UAF\0000088514
$aВторая мировая война в архивных документах (Комплекс оцифрованных архивных документов, кино- и фотоматериалов)
$lколлекция
686##$a63.3(2)622-3ю11
$vLBC/M
$2rubbk
801#0$aRU
$bТюменская ОНБ
$c20220602
801#1$aRU
$bТюменская ОНБ
$c20220602
$2rusmarc
801#2$aRU
$bПБ им. Б.Н. Ельцина
$c20220606
$2rusmarc
850##$aРоссийский государственный архив социально-политической истории
852##$aРГАСПИ
$jД. 15. Л. 25; Оп. 2. Д. 26. Л. 161-162
035##$aLIBNET\0001246226
937##$d176198102
$hФедеральное архивное агентство
8564#$uhttp://readingroom.main.prlib.ru/item.aspx?id_node=n176198102&mode=full
Формат отображения